Administratívna budova úradu vlády SR

Na minha lista:
Detalhes bibliográficos
Autor principal: Kašiarová, Anežka (Author)
Outros Autores: Skoček, Iľja (Thesis advisor)
Formato: Manuscrito Livro
Idioma:eslovaco
Publicado em: 2023
Assuntos:
Acesso em linha:http://is.stuba.sk/zp/portal_zp.pl?podrobnosti=171306
https://opac.crzp.sk/?fn=detailBiblioForm&sid=C0DEB8E07572332BAC260E15805F
Tags: Adicionar Tag
Sem tags, seja o primeiro a adicionar uma tag!

MARC

LEADER 00000ntm a22000003a 4500
001 stuzp94718
003 SK-STU
005 20230918155426.3
007 ta
008 150427s2015----xo-----f-mn---000-0-slo-d
040 |a STU  |b slo 
041 0 |a slo 
100 1 |a Kašiarová, Anežka  |u 010000  |k Z3  |4 aut  |T SvF Stavebná fakulta  |X 92909  |U V  |Y 10  |7 92909 
242 0 1 |a Slovak government office building  |y eng 
245 1 0 |a Administratívna budova úradu vlády SR 
260 |c 2023 
650 4 |a administratívna budova  |2 slo 
650 4 |a Úrad vlády  |2 slo 
650 4 |a zelená fasáda  |2 slo 
650 4 |a Governemnt office  |2 eng 
650 4 |a office building  |2 eng 
650 4 |a green facade  |2 eng 
700 1 |a Skoček, Iľja  |u 010310  |k Z8  |4 ths  |U SvF Stavebná fakulta  |T SvF Katedra architektúry  |X 71168  |U V181|V310  |Y 19  |7 71168 
856 4 |u http://is.stuba.sk/zp/portal_zp.pl?podrobnosti=171306 
856 4 |u https://opac.crzp.sk/?fn=detailBiblioForm&sid=C0DEB8E07572332BAC260E15805F